Manažer Čtvrtletník pro manažery

Obsah prílohy pre manažérov "Manažer": Právo a mravnosť. Kultúra a etika v praxi riadenia. Kultúra a hodnoty firmy. Firemná kultúra a manažment. Firemné hodnoty a dôvera zamestnancov. Hodnoty ako katalyzátor zmien. Zásady a hodnoty, ktorým nikto neverí. Poňatie podnikovej kultúry. Etika v podnikaní...

Celý popis

Uložené v:
Podrobná bibliografia
Médium: Kapitola
Jazyk:Czech
Predmet:
Tagy: Pridať tag
Žiadne tagy, Buďte prvý, kto otaguje tento záznam!

MARC

LEADER 00000naa a2200000 4500
001 r023556
005 20230922083859.6
041 0 |a cze 
044 |a CZ 
245 1 0 |a Manažer  |b Čtvrtletník pro manažery 
520 |a Obsah prílohy pre manažérov "Manažer": Právo a mravnosť. Kultúra a etika v praxi riadenia. Kultúra a hodnoty firmy. Firemná kultúra a manažment. Firemné hodnoty a dôvera zamestnancov. Hodnoty ako katalyzátor zmien. Zásady a hodnoty, ktorým nikto neverí. Poňatie podnikovej kultúry. Etika v podnikaní a riadení. 
610 2 0 |a kultúra podniková 
610 2 0 |a morálka 
610 2 0 |a etika 
610 2 0 |a podnikanie 
610 2 0 |a riadenie 
610 2 0 |a manažment